[Event "Ankara Baskent Univ op-A 5th"]
[Site "Ankara"]
[Date "2022.07.03"]
[Round "3"]
[White "Koksal, Ege"]
[Black "Zor, Alber Kadir"]
[Result "1/2-1/2"]
[WhiteElo "2356"]
[BlackElo "2116"]
[PlyCount "32"]
[EventDate "2022.07.02"]
[EventType "swiss"]
[EventRounds "9"]
[EventCountry "TUR"]
[SourceTitle "CBM 209 Extra"]
[Source "ChessBase"]
[SourceDate "2022.09.30"]
[SourceVersion "1"]
[SourceVersionDate "2022.09.30"]
[SourceQuality "1"]

1. d4 d5 2. c4 e6 3. Nc3 Nf6 4. Nf3 Bb4 5. Bg5 h6 6. Bxf6 Qxf6 7. e3 0-0 8. Rc1 dxc4 9. Bxc4 c5 10. 0-0 cxd4 11. Nxd4 Bd7 12. Qb3 Nc6 13. Nxc6 Bxc3 14. Rxc3 Bxc6 15. Bb5 Bd5 16. Bc4 Bc6 1/2-1/2

[Event "Ankara Baskent Univ op-A 5th"]
[Site "Ankara"]
[Date "2022.07.03"]
[Round "2"]
[White "Makaraci, Tunahan"]
[Black "Koksal, Ege"]
[Result "1/2-1/2"]
[WhiteElo "2130"]
[BlackElo "2356"]
[PlyCount "88"]
[EventDate "2022.07.02"]
[EventType "swiss"]
[EventRounds "9"]
[EventCountry "TUR"]
[SourceTitle "CBM 209 Extra"]
[Source "ChessBase"]
[SourceDate "2022.09.30"]
[SourceVersion "1"]
[SourceVersionDate "2022.09.30"]
[SourceQuality "1"]

1. e4 e5 2. Nf3 Nc6 3. Bc4 Bc5 4. c3 Nf6 5. d4 exd4 6. e5 d5 7. Bb5 Ne4 8. cxd4 Bb6 9. Nc3 0-0 10. Be3 f6 11. Qb3 Nxc3 12. bxc3 Bg4 13. Bxc6 Bxf3 14. Bxb7 Bxg2 15. Rg1 Rb8 16. Rxg2 Rxb7 17. exf6 Rxf6 18. 0-0-0 Rf7 19. Rg5 c6 20. Qa4 Ba5 21. Re5 Qb6 22. Re8+ Rf8 23. Rxf8+ Kxf8 24. Qa3+ Kf7 25. Kc2 Qb5 26. Re1 Bd8 27. Bf4 Qc4 28. Bg3 Be7 29. Bd6 Bf6 30. Bc5 Bh4 31. Bf8 Kg8 32. Re8 Kf7 33. Re1 h6 34. Qd6 Qxa2+ 35. Kd3 Qc4+ 36. Kc2 Qb3+ 37. Kd3 Qb5+ 38. Kc2 Bf6 39. Qe6+ Kg6 40. Bb4 Rb8 41. Bd6 Rd8 42. Be7 Qa4+ 43. Kd3 Qc4+ 44. Kc2 Qa4+ 1/2-1/2

[Event "Ankara Baskent Univ op-A 5th"]
[Site "Ankara"]
[Date "2022.07.02"]
[Round "1"]
[White "Koksal, Ege"]
[Black "Cevizci, Yusuf Baran"]
[Result "1-0"]
[WhiteElo "2356"]
[BlackElo "2144"]
[PlyCount "147"]
[EventDate "2022.07.02"]
[EventType "swiss"]
[EventRounds "9"]
[EventCountry "TUR"]
[SourceTitle "CBM 209 Extra"]
[Source "ChessBase"]
[SourceDate "2022.09.30"]
[SourceVersion "1"]
[SourceVersionDate "2022.09.30"]
[SourceQuality "1"]

1. d4 Nf6 2. Nf3 c5 3. d5 e6 4. Nc3 exd5 5. Nxd5 Nxd5 6. Qxd5 Nc6 7. Bg5 Be7 8. c3 d6 9. g3 Be6 10. Qd2 Ne5 11. h4 Nxf3+ 12. exf3 0-0 13. Bd3 Re8 14. Kf1 Qd7 15. Kg2 Bf5 16. Bc4 Be6 17. Bxe6 Qxe6 18. Rhe1 Bxg5 19. hxg5 Qd7 20. Re4 Rxe4 21. fxe4 Qe6 22. f3 Rd8 23. b3 d5 24. Rd1 d4 25. Qf4 Qa6 26. Rd2 Qa5 27. cxd4 cxd4 28. Rc2 d3 29. Rd2 Qc5 30. Rd1 b5 31. Qc1 Qd4 32. Qd2 g6 33. Rc1 a6 34. Rd1 b4 35. Qf2 Qc3 36. Rd2 a5 37. Qe3 Qc1 38. e5 Qc6 39. Kf2 Qc8 40. g4 Qc6 41. Kg3 Qd5 42. Kf4 Qb5 43. Qe4 Qa6 44. Qc4 Qxc4+ 45. bxc4 Rd4+ 46. Ke3 Rxc4 47. Kxd3 Rc3+ 48. Ke4 a4 49. f4 Rg3 50. e6 fxe6 51. Ke5 Rxg4 52. Rd4 Kf7 53. Rxb4 Rg2 54. Rb7+ Ke8 55. Rxh7 Rxa2 56. Kxe6 Re2+ 57. Kf6 Rf2 58. Rh4 a3 59. Kxg6 a2 60. Rh8+ Ke7 61. Ra8 Rxf4 62. Rxa2 Rf1 63. Ra7+ Ke8 64. Kg7 Rf5 65. g6 Rf1 66. Ra2 Rh1 67. Re2+ Kd7 68. Kg8 Rg1 69. g7 Rh1 70. Re4 Kd6 71. Kf7 Rf1+ 72. Kg6 Rg1+ 73. Kf6 Rg2 74. Rd4+ 1-0

[Event "TUR Cup"]
[Site "Adapazari"]
[Date "2022.03.30"]
[Round "8"]
[White "Ozdemir, Serhan Berat"]
[Black "Koksal, Ege"]
[Result "0-1"]
[WhiteElo "2176"]
[BlackElo "2343"]
[PlyCount "100"]
[EventDate "2022.03.25"]
[EventType "swiss"]
[EventRounds "11"]
[EventCountry "TUR"]
[SourceTitle "EXT 2023"]
[Source "ChessBase"]
[SourceDate "2022.10.05"]
[SourceVersion "1"]
[SourceVersionDate "2022.10.05"]
[SourceQuality "1"]

1. e4 e5 2. Nf3 Nc6 3. d4 exd4 4. Bc4 Bc5 5. c3 Nf6 6. e5 d5 7. Bb5 Ne4 8. cxd4 Bb6 9. h3 0-0 10. Be3 f6 11. Bxc6 bxc6 12. 0-0 f5 13. Qc1 f4 14. Bxf4 c5 15. a4 cxd4 16. a5 Bc5 17. b4 Bxb4 18. Nxd4 Qe8 19. Qc6 Qxc6 20. Nxc6 Bc5 21. Be3 Bxe3 22. fxe3 Rxf1+ 23. Kxf1 Bb7 24. Nd4 Ba6+ 25. Kg1 c5 26. Nf3 Kf7 27. Ra3 Rb8 28. Nc3 Ke6 29. h4 h6 30. Na4 Bc4 31. Nc3 Nxc3 32. Rxc3 Rb3 33. Rc1 Rxe3 34. Nd2 Rxe5 35. Nxc4 dxc4 36. Rxc4 Kd5 37. Rf4 Re7 38. Rf8 c4 39. Rc8 Kd4 40. Kf2 c3 41. Rd8+ Kc4 42. Rc8+ Kb3 43. Rb8+ Ka2 44. Rc8 Kb2 45. Rb8+ Kc1 46. a6 Re6 47. Rb7 Rxa6 48. Rxg7 c2 49. Rb7 Kd2 50. Rd7+ Kc3 0-1

[Event "TUR Cup"]
[Site "Adapazari"]
[Date "2022.03.26"]
[Round "3"]
[White "Koksal, Ege"]
[Black "Ibik, Halit Yavuz"]
[Result "1-0"]
[WhiteElo "2343"]
[BlackElo "1990"]
[PlyCount "75"]
[EventDate "2022.03.25"]
[EventType "swiss"]
[EventRounds "11"]
[EventCountry "TUR"]
[SourceTitle "EXT 2023"]
[Source "ChessBase"]
[SourceDate "2022.10.05"]
[SourceVersion "1"]
[SourceVersionDate "2022.10.05"]
[SourceQuality "1"]

1. d4 d5 2. c4 e6 3. Nf3 Nf6 4. g3 c6 5. Qc2 Be7 6. Bg2 b6 7. 0-0 0-0 8. Bf4 Ba6 9. Nbd2 Nbd7 10. Rfd1 Nh5 11. Ne5 Nxe5 12. Bxe5 f6 13. Bf4 g5 14. Be3 f5 15. Qa4 Bb7 16. cxd5 cxd5 17. Nf3 f4 18. Bd2 a5 19. Ne5 Bd6 20. Bh3 Ng7 21. Qd7 Bxe5 22. Bxe6+ Nxe6 23. Qxe6+ Rf7 24. dxe5 Bc8 25. Qh6 fxg3 26. hxg3 Rg7 27. Bc3 Rg6 28. Qh1 Bb7 29. e4 d4 30. Rxd4 Qe7 31. Rad1 Bc6 32. Rd6 Be8 33. Qh3 g4 34. Rxg6+ Bxg6 35. Qxg4 Rd8 36. Rxd8+ Qxd8 37. f4 Kf8 38. f5 1-0

[Event "TUR Cup"]
[Site "Adapazari"]
[Date "2022.03.25"]
[Round "1"]
[White "Koksal, Ege"]
[Black "Teke, Murat"]
[Result "1-0"]
[WhiteElo "2343"]
[BlackElo "1521"]
[PlyCount "83"]
[EventDate "2022.03.25"]
[EventType "swiss"]
[EventRounds "11"]
[EventCountry "TUR"]
[SourceTitle "EXT 2023"]
[Source "ChessBase"]
[SourceDate "2022.10.05"]
[SourceVersion "1"]
[SourceVersionDate "2022.10.05"]
[SourceQuality "1"]

1. d4 Nf6 2. c4 g6 3. Nc3 Bg7 4. e4 d6 5. f3 0-0 6. Be3 Re8 7. Qd2 c6 8. Bd3 Na6 9. Nge2 e5 10. d5 Bd7 11. 0-0 Nc5 12. Bc2 a5 13. dxc6 Bxc6 14. Rfd1 Bf8 15. Kh1 Qc7 16. Bg5 Nfd7 17. Ng3 Ne6 18. Be3 Nf6 19. Rac1 h5 20. Ba4 Bxa4 21. Nxa4 h4 22. Ne2 Nh5 23. Nb6 h3 24. g4 Nhf4 25. Nxa8 Rxa8 26. Bxf4 Nxf4 27. Nxf4 exf4 28. Qxf4 Qb6 29. Rc2 Bg7 30. Rxd6 Qb4 31. Qd2 Be5 32. Rd5 Bf4 33. Qxb4 axb4 34. b3 f5 35. gxf5 gxf5 36. Rxf5 Rd8 37. Rd5 Rf8 38. Kg1 Be3+ 39. Kf1 Rxf3+ 40. Ke2 Rf2+ 41. Kd3 Rg2 42. Rh5 1-0

[Event "TUR-ch"]
[Site "Antalya"]
[Date "2021.12.16"]
[Round "7"]
[White "Baglan, Esat"]
[Black "Koksal, Ege"]
[Result "1/2-1/2"]
[WhiteElo "2353"]
[BlackElo "2353"]
[PlyCount "46"]
[EventDate "2021.12.10"]
[EventType "tourn"]
[EventRounds "9"]
[EventCountry "TUR"]
[SourceTitle "CBM 205 Extra"]
[Source "ChessBase"]
[SourceDate "2022.01.31"]
[SourceVersion "1"]
[SourceVersionDate "2022.01.31"]
[SourceQuality "1"]

1. e4 e5 2. Nf3 Nf6 3. d4 Nxe4 4. Bd3 d5 5. Nxe5 Nc6 6. Nxc6 bxc6 7. Nd2 Nxd2 8. Bxd2 Bd6 9. Qh5 Qe7+ 10. Kf1 Be6 11. Re1 h6 12. h4 Kd7 13. Rh3 Rae8 14. Bf5 Rhf8 15. c3 Qf6 16. Rf3 Bxf5 17. Rxe8 Kxe8 18. Rxf5 Qe6 19. Rf3 Kd8 20. Re3 Qd7 21. Rf3 Qe6 22. Re3 Qd7 23. Rf3 Qe6 1/2-1/2

[Event "TUR-ch"]
[Site "Antalya"]
[Date "2021.12.14"]
[Round "5"]
[White "Yurtseven, Melih"]
[Black "Koksal, Ege"]
[Result "1/2-1/2"]
[WhiteElo "2400"]
[BlackElo "2353"]
[PlyCount "154"]
[EventDate "2021.12.10"]
[EventType "tourn"]
[EventRounds "9"]
[EventCountry "TUR"]
[SourceTitle "CBM 205 Extra"]
[Source "ChessBase"]
[SourceDate "2022.01.31"]
[SourceVersion "1"]
[SourceVersionDate "2022.01.31"]
[SourceQuality "1"]

1. d4 Nf6 2. Nf3 e6 3. g3 b5 4. e3 a6 5. Bg2 Bb7 6. 0-0 Be7 7. Qe2 d5 8. Nbd2 Nbd7 9. b3 c5 10. c4 0-0 11. Bb2 Qb6 12. cxd5 Bxd5 13. e4 Bb7 14. e5 Nd5 15. Ne4 Rac8 16. Rfc1 c4 17. h4 cxb3 18. axb3 Rxc1+ 19. Rxc1 Rc8 20. Rxc8+ Bxc8 21. Neg5 Nf8 22. h5 a5 23. h6 g6 24. Ne4 Bd7 25. Nc5 Bc6 26. Nd2 Bg5 27. Nde4 Bxh6 28. Nd6 Bg7 29. Bf1 a4 30. Nxb5 axb3 31. Nd6 Ne7 32. Bg2 Bxg2 33. Kxg2 Nf5 34. Nxf5 gxf5 35. Qe3 Ng6 36. Qxb3 Qc6+ 37. f3 Bxe5 38. Nxe6 fxe6 39. dxe5 Qd7 40. Qc2 f4 41. gxf4 Nxf4+ 42. Kg3 Nh5+ 43. Kg4 Ng7 44. Kh3 Qb7 45. Qg2 Kf7 46. Bc1 Nf5 47. Qg4 h6 48. Qe4 Qa6 49. Qe1 Qc4 50. Kg2 Kg6 51. Be3 h5 52. Bf2 Qf4 53. Qe4 Qg5+ 54. Kh2 Qe7 55. Qc6 Kf7 56. Qe4 Qc7 57. Kg2 Kg8 58. Qa8+ Kh7 59. Qe4 Qf7 60. Kh2 Kg7 61. Kg2 Ne7 62. Bh4 Nd5 63. Bg5 Qg6 64. Qxg6+ Kxg6 65. f4 Kf5 66. Kf3 Nb6 67. Kg3 Nc4 68. Kh4 Kg6 69. f5+ Kxf5 70. Kxh5 Nxe5 71. Bd8 Ng6 72. Bc7 Nf4+ 73. Kh4 Nd5 74. Bb8 Ke4 75. Kg3 Kd4 76. Kf3 e5 77. Bxe5+ Kxe5 1/2-1/2

[Event "TUR-ch"]
[Site "Antalya"]
[Date "2021.12.12"]
[Round "3"]
[White "Koksal, Ege"]
[Black "Altun, Arda"]
[Result "1/2-1/2"]
[WhiteElo "2353"]
[BlackElo "2359"]
[PlyCount "228"]
[EventDate "2021.12.10"]
[EventType "tourn"]
[EventRounds "9"]
[EventCountry "TUR"]
[SourceTitle "CBM 205 Extra"]
[Source "ChessBase"]
[SourceDate "2022.01.31"]
[SourceVersion "1"]
[SourceVersionDate "2022.01.31"]
[SourceQuality "1"]

1. d4 d5 2. c4 c6 3. Nc3 Nf6 4. e3 Bf5 5. Nf3 e6 6. Nh4 Be4 7. f3 Bg6 8. Qb3 Qc7 9. Bd2 Be7 10. Nxg6 hxg6 11. Rc1 dxc4 12. Bxc4 a6 13. g3 Nbd7 14. Kf2 b5 15. Be2 Qb6 16. a4 b4 17. Na2 a5 18. Kg2 0-0 19. Rc4 Rac8 20. Rhc1 Rfd8 21. e4 Ne5 22. R4c2 Qxd4 23. Be3 Qd7 24. Bb6 Rf8 25. Bxa5 Qb7 26. Nxb4 Ra8 27. Qc3 Rxa5 28. Na6 Qb6 29. b4 Rxa4 30. Qxe5 Rxa6 31. Bxa6 Qxa6 32. Rc4 Rd8 33. Qa5 Rd2+ 34. Kh3 Qxa5 35. bxa5 c5 36. Ra4 Nh7 37. f4 g5 38. e5 f5 39. exf6 gxf6 40. a6 f5 41. g4 gxf4 42. gxf5 exf5 43. Rg1+ Ng5+ 44. Rxg5+ Bxg5 45. a7 Rd8 46. a8Q Rxa8 47. Rxa8+ Kf7 48. Rc8 Kg6 49. Rxc5 Bh6 50. Kg2 Bg5 51. Rc3 Kh5 52. Rh3+ Kg4 53. Rf3 Bh6 54. Kf2 Bg5 55. Ke2 Bh4 56. Rf1 Bg5 57. Rg1+ Kh5 58. Kf3 Bh6 59. Rg8 Bg5 60. Rh8+ Kg6 61. Kg2 Bh6 62. h3 Kg7 63. Rc8 Kg6 64. h4 Kh5 65. Rh8 Kg6 66. Kh3 Kh5 67. Rg8 f3 68. Rg3 f2 69. Rf3 Be3 70. Rxf5+ Kg6 71. Kg4 Bd4 72. h5+ Kh6 73. Rf3 Be3 74. Rf6+ Kg7 75. Rf5 Kh6 76. Kh3 Bd4 77. Kg2 Be3 78. Re5 Bd4 79. Re4 Ba7 80. Ra4 Be3 81. Ra5 Bd4 82. Kf1 Be3 83. Ke2 Bd4 84. Ra4 Be3 85. Re4 Ba7 86. Re5 Bd4 87. Ra5 Be3 88. Ra1 Bd4 89. Rb1 Kxh5 90. Rb4 Be3 91. Re4 Ba7 92. Re7 Bd4 93. Rd7 Bb6 94. Rd5+ Kg4 95. Rb5 Be3 96. Rb4+ Kf5 97. Rb8 Bd4 98. Rd8 Ke4 99. Kf1 Ke5 100. Rh8 Ke4 101. Rh3 Be3 102. Ke2 Bd4 103. Rh4+ Kd5 104. Rh3 Ke4 105. Rh4+ Kd5 106. Rf4 Ke5 107. Rf8 Kd5 108. Kd3 Bc5 109. Rf5+ Ke6 110. Rf3 Ke5 111. Rf7 Ke6 112. Rf3 Ke5 113. Ke2 Bd4 114. Rxf2 Bxf2 1/2-1/2